Oxford Greek-English learner's dictionary
Αποθηκεύτηκε σε:
| Κύριος συγγραφέας: | |
|---|---|
| Άλλοι συγγραφείς: | |
| Μορφή: | Βιβλίο |
| Γλώσσα: | Greek English |
| Δημοσίευση: |
Oxford :
Oxford University Press,
1988.
|
| Θέματα: | |
| Ετικέτες: |
Προσθήκη ετικέτας
Δεν υπάρχουν, Καταχωρήστε ετικέτα πρώτοι!
|
MARC
| LEADER | 00000cam a2200000 i 4500 | ||
|---|---|---|---|
| 001 | 1/82245 | ||
| 008 | 931201s1988 gr | ||| |||| | gre d | ||
| 020 | |a 9780194311991 |q (σκληρό εξώφυλλο) | ||
| 020 | |a 0194311996 | ||
| 035 | |a 1989 |b 3 |c Δωρεά |l 10033895 | ||
| 035 | |a 1990 |l 10037685 | ||
| 035 | |a ΛΕΣΒΟΣb10002087 |l 10002087 | ||
| 040 | |a GR-MY-UA |b gre |e aacr | ||
| 041 | 0 | |a gre |a eng |a eng | |
| 082 | 0 | |a 423.89 | |
| 082 | 0 | |a 489.3321 | |
| 100 | 1 | |a Σταυρόπουλος, Δ. Ν. | |
| 245 | 0 | 0 | |a Oxford Greek-English learner's dictionary / |c edited by D.N. Stavropoulos. |
| 260 | |a Oxford : |b Oxford University Press, |c 1988. | ||
| 300 | |a iv, 1019 σ. ; |c 23 εκ. | ||
| 500 | |a Το παράρτημα Λέσβου διαθέτει την ανατύπωση του 2003. | ||
| 650 | 0 | 0 | |a Greek language |x Dictionaries |x English. |
| 650 | 0 | 0 | |a Greek language, Modern |x Dictionaries |x English. |
| 700 | 1 | |a Σταυρόπουλος, Γ. Ν. |e edt | |
| 852 | |a INST |b CHIOS |e 20000111 |h 423.89 ΣΤΑ |p 005200019156 |q 005200019156 |t REF |y 23 | ||
| 852 | |a INST |b CHIOS |e 19931201 |h 423.89 ΣΤΑ |p 005200028621 |q 005200028621 |t REF |y 23 | ||
| 852 | |a INST |b LEMNOS |e 20090708 |h 423.89 ΣΤΑ |p 005600000156 |q 005600000156 |t REF |y 23 | ||
| 852 | |a INST |b LESVOS |e 19931201 |h 489.3321 ΣΤΑ |p 005100016045 |q 005100016045 |t REF |y 23 | ||
| 852 | |a INST |b LESVOS |e 19990528 |h 489.3321 ΣΤΑ |p 005100016074 |q 005100016074 |t REF |y 23 | ||
| 852 | |a INST |b LESVOS |e 20031026 |h 489.3321 ΣΤΑ |p 005100024784 |q 005100024784 |t REF |y 23 | ||
| 852 | |a INST |b RHODES |e 19960617 |h 423.89 ΣΤΑ |p 005400007026 |q 005400007026 |t REF |y 23 | ||
| 852 | |a INST |b SAMOS |e 19980731 |h 423.89 ΣΤΑ |p 005300010704 |q 005300010704 |t REF |y 23 | ||
| 852 | |a INST |b SAMOS |e 19980731 |h 423.89 ΣΤΑ |p 005300010705 |q 005300010705 |t REF |y 23 | ||
| 852 | |a INST |b SAMOS |e 19980731 |h 423.89 ΣΤΑ |p 005300010706 |q 005300010706 |t REF |y 23 | ||
| 852 | |a INST |b SAMOS |e 19941103 |h 423.89 ΣΤΑ |p 005300011830 |q 005300011830 |t REF |y 23 | ||
| 852 | |a INST |b SYROS |e 20001129 |h 423.89 ΣΤΑ |p 005500002291 |q 005500002291 |t REF |y 23 | ||
| 901 | |a BIBL2-2000-1 | ||
| 901 | |a BIBL6-2009-2 | ||
| 901 | |a BIBL5-2000-3 | ||
| 901 | |a BIBL3-1998-2 | ||
| 901 | |a BIBL1-1999-2 | ||
| 901 | |a BIBL1-2003-3 | ||
| 922 | |a 2ΕΛΗ |b 199912 |c ΤΔΕ |d ΠΑΠΑΣΩΤΗΡΙΟΥ | ||
| 922 | |a 6ΕΛΗ |b 200712 |c ΕΠΕΑΕΚ2/ΚΥΒ |d ΠΑΠΑΣΩΤΗΡΙΟΥ | ||
| 922 | |a 5ΕΛΗ |b 200010 |c ΒΙΒΛΙΟΘΗΚΗ |d ΜΙΧΑΛΟΠΟΥΛΟΣ | ||
| 922 | |a 3ΕΛΗ |b 199807 |c ΚΠΣ |d EMVASIS | ||
| 922 | |a 1ΕΛΗ |b 199902 |c ΚΠΣ/ΚΥΒ |d LEADER | ||
| 922 | |a 1ΕΛΗ |b 200310 |c ΤΑΚ/ΚΥΒ |d ΠΑΠΑΣΩΤΗΡΙΟΥ | ||
| 950 | |a 112-1999-11-13 | ||
| 950 | |a 183-2000-09-10 | ||
| 950 | |a 023-1998-09-14 | ||
| 950 | |a 023-2003-09-25 | ||
| 970 | |a ΣΑΛΑΜΟΥΡΑ |b ΜΑΡΙΑ |z 2000/01/11 | ||
| 970 | |a ΠΟΥΡΝΑΡΑΣ |b ΔΗΜΗΤΡΗΣ |z 2000/12/11 | ||